| 000 | 01096nam a2200229Ia 4500 | ||
|---|---|---|---|
| 001 | L280-22795 | ||
| 003 | IT-CnALBA | ||
| 008 | 170116s9999||||xx |||||||||||||| ||und|| | ||
| 040 |
_aIT-CnALBA _cIT-CnALBA |
||
| 041 | _aITALIANO | ||
| 100 | _aCHIMINELLI PIETRO | ||
| 245 | 0 | _aPROTESTANTESIMO E SUE PATTUGLIE DI PUNTA IN ITALIA. | |
| 250 | _a1a ed. | ||
| 260 |
_aCINISELLO BALSAMO (MI) _bEDIZIONI PAOLINE _c1955 [1° Ed.:1955 - Ed.Ling.Originale: 1955] |
||
| 300 | _a135 p. (prefazione: 5) | ||
| 500 | _aGENESI DEL PROTESTANTESIMO. VITA CRISTIANA: FEDE ED OPERE BUONE. I VALDESI. I BATTISTI. GLI AVVENTISTI DEL SETTIMO GIORNO. MILLENARISMO. SABBATISMO. I PENTECOSTALI. I TESTIMONI DI GEOVA. | ||
| 501 | _aSocietà San Paolo EM - Piazza San Paolo, 14 - 12051 ALBA (CN) (non commercial uses only) ® Copyright 2017 | ||
| 520 | _aGENESI DEL PROTESTANTESIMO. VITA CRISTIANA: FEDE ED OPERE BUONE. I VALDESI. I BATTISTI. GLI AVVENTISTI DEL SETTIMO GIORNO. MILLENARISMO. SABBATISMO. I PENTECOSTALI. I TESTIMONI DI GEOVA. | ||
| 650 | _aPROTESTANTESIMO | ||
| 942 | _cBK | ||
| 957 | _71 | ||
| 999 |
_a27536 _bNO _g Copie: 1 _c281895 _d281895 |
||